1006 1919 1282 1713 1567 1448 1489 1593 1253 1211 1457 1833 1510 1492 1790 1480 1938 1062 1408 1641 1343 1401 1831 1508 1836 1508 1070 1398 1836 1206 1156 1421 1085 1313 1257 1469 1042 1433 1864 1957 1660 1992 1804 1310 1280 1264 1203 1530 1167 1782 1798 1025 1119 1713 1399 1683 1132 1789 1063 1576 1615 1780 1525 1106 1153 1117 1137 1791 1601 1241 1171 1058 1597 1240 1946 1003 1657 1379 1093 1874 1373 1196 1133 1769 1490 1734 1933 1967 1638 1191 1023 1144 1979 1862 1009 1317 1726 1894 1501 BCNSPRNW ULIB Ver.6.0+V

เปลี่ยนเป็นภาษาไทย

Change to English
 แสดงรายละเอียดบรรณานุกรม
  กลับหน้าหลัก

Brief Record : Get Marc (ISO 2709) : E-mail record : QR code < ปิดหน้าต่าง
LEADER : 00000nam 2200000uu 4500
001    13399109301
003     ULIB
008    110324s2546||||th 000 0 tha d
020    9744652721
060 04 WA546.JT3^bส412ร 2546
110 1  กระทรวงสาธารณสุข^bกรมสนับสนุนบริการสุขภาพ.
245 10 แนวปฏิบัติบริการสุขภาพสำหรับศูนย์สุขภาพชุมชน:ด้านการส่งสริมสุขภาพ /^cกรมสนับสนุนบริการสุขภาพ.
260    นนทบุรี:^bกรมสนับสนุนบริการสุขภาพ,^c2546
300    112 หน้า ;^c30 ซม.
650  7 บริการสุขภาพ^xด้านจการรักษาพยาบาล
650  7 ศูนย์สุขภาพชุมชน
650  7 การส่งเสริมสุขภาพ
995    ทศพร
999 ^a ใช้งานได้ทุกระบบ
รายการนี้ยังไม่มีแท็ก
คุณยังไม่ได้ล็อกอิน คุณสามารถมีกิจกรรมร่วมกับเว็บไซต์ได้ แต่ต้องล็อกอินก่อน ::
  ล็อกอิน

รายการสื่อสารสนเทศ

ลำดับที่ ประเภท เลขเรียก/บาร์โค้ด สถานที่ สถานะ
- ไม่พบข้อมูล -

รายการใกล้เคียง
    หัวเรื่อง [ศูนย์สุขภาพชุมชน]
    หัวเรื่อง [การส่งเสริมสุขภาพ]

BibComment


ยังไม่เคยถูกคอมเมนท์

คอมเมนท์ทรัพยากรรายการนี้
  คอมเมนท์: แนวปฏิบัติบริการส..


 Copyright 2026. Bcnsprnw @Library